Missing Word: Toys by the Letter Quiz Stats

 Plays Quiz Updated Oct 22, 2019

Score 0/26 Timer 06:00
1 Play Today
Name of Toy Missing Word % Correct
Teenage Mutant ______ TurtlesNinja
98%
Hula ______Hoop
97.4%
G.I. ______Joe
97.1%
My Little ______Pony
96.4%
______ A SketchEtch
96.2%
Monster ______ My PocketIn
95.4%
Cabbage Patch ______Kids
95.2%
Easy-Bake ______Oven
95.1%
______ of Hearts CrownQueen
94.9%
Beanie ______Babies
93.6%
Buzz ______Lightyear
93.6%
______ PuttySilly
91.7%
______ CubeRubik's
88.6%
Name of Toy Missing Word % Correct
______ 8 BallMagic
88.4%
______ the Sea CreaturesUnder
86.3%
Shrinky ______Dinks
79.9%
______ RuxpinTeddy
75.5%
Hot ______Wheels
75.1%
Stretch ______Armstrong
72.1%
Microsoft ______Xbox
71.2%
______ CathyChatty
70.8%
______ BakYak
66%
Radio ______ WagonFlyer
63.5%
______ Hamster PetsZhuZhu
55.7%
______ & PokeyGumby
55.5%
National Geographic ______ Science KitVolcano
47.1%

Today's Daily Dose

You're not logged in!

Compare scores with friends on all Sporcle quizzes.
OR
Log In

Sporcle TV

Today on Sporcle TV


Watch our educational content, quiz creation guides, and fun videos on Sporcle TV.

Show Comments

Extras

Top Quizzes Today


Score Distribution

Your Account Isn't Verified!

In order to create a playlist on Sporcle, you need to verify the email address you used during registration. Go to your Sporcle Settings to finish the process.

Report this User

Report this user for behavior that violates our Community Guidelines.

Details: